In english : Starter
Đã lưu trong:
| Príomhúdar: | |
|---|---|
| Formáid: | Leabhar |
| Teanga: | Undetermined |
| Foilsithe: |
Oxford
Oxford University Press
2002
|
| Ábhair: | |
| Clibeanna: |
Cuir Clib Leis
Gan Chlibeanna, Bí ar an gcéad duine leis an taifead seo a chlibeáil!
|
| Thư viện lưu trữ: | Trung tâm Học liệu Trường Đại học Cần Thơ |
|---|
| LEADER | 00515nam a2200205Ia 4500 | ||
|---|---|---|---|
| 001 | CTU_120423 | ||
| 008 | 210402s9999 xx 000 0 und d | ||
| 082 | |a 425 | ||
| 082 | |b V782 | ||
| 100 | |a Viney, Peter | ||
| 245 | 0 | |a In english : | |
| 245 | 0 | |b Starter | |
| 245 | 0 | |c Peter Viney, Karen Viney | |
| 260 | |a Oxford | ||
| 260 | |b Oxford University Press | ||
| 260 | |c 2002 | ||
| 650 | |a English language | ||
| 650 | |x Listening | ||
| 904 | |i M.Loan | ||
| 980 | |a Trung tâm Học liệu Trường Đại học Cần Thơ | ||